| 000 | 00407 a2200145 4500 | ||
|---|---|---|---|
| 020 | _a0713144777 | ||
| 050 |
_aRJ47 _b.J45 1985 |
||
| 100 |
_aJellife, D.B. _93559 |
||
| 245 |
_aChild health in the tropics _b a practical handbook for health personnel |
||
| 250 | _a5th ed. | ||
| 260 |
_aLondon ; _bE. Arnold, _cc1985. |
||
| 300 |
_axiii, 290 p: _bill; _c19 cm. |
||
| 504 | _aincludes index | ||
| 942 |
_2lcc _cBK _n0 |
||
| 999 |
_c1815 _d1815 |
||